000 00207 a2200097 4500
001 1449
100 _aSmith, J.M
245 _aChemical engineering kinetics
260 _a
_bMcgrawhill
_c
090 _c992
_d992
942 _aNUST-CAE
_cM
_c36844
999 _c236522
_d236522